[Event "Belgrade Trophy 25th"]
[Site "Obrenovac"]
[Date "2011.11.24"]
[Round "1"]
[White "Robin, Samy"]
[Black "Vasojevic, Marco"]
[Result "1-0"]
[WhiteElo "2323"]
[BlackElo "1880"]
[PlyCount "34"]
[EventDate "2011.11.24"]
[EventType "swiss"]
[EventRounds "9"]
[EventCountry "YUG"]
[SourceTitle "CBM 145 Extra"]
[Source "ChessBase"]
[SourceDate "2012.01.03"]
[SourceVersion "1"]
[SourceVersionDate "2012.01.03"]
[SourceQuality "1"]

1. e4 c5 2. Nf3 Nc6 3. d4 cxd4 4. Nxd4 d6 5. Nc3 Bd7 6. Be3 g6 7. Qd2 Bg7 8. f3 Nxd4 9. Bxd4 Nf6 10. Nd5 Nh5 11. 0-0-0 Bxd4 12. Qxd4 0-0 13. e5 e6 14. Nf6+ Nxf6 15. exf6 d5 16. Qf4 Bc6 17. g4 Kh8 1-0

[Event "FRA-chT2 West 0708"]
[Site "France"]
[Date "2007.11.25"]
[Round "3.6"]
[White "Boonekamp, Maarten"]
[Black "Vasojevic, Marco"]
[Result "1-0"]
[WhiteElo "2032"]
[BlackElo "1971"]
[PlyCount "103"]
[EventDate "2007.10.21"]
[EventType "team"]
[EventRounds "11"]
[EventCountry "FRA"]
[SourceTitle "EXT 2009"]
[Source "ChessBase"]
[SourceDate "2008.11.26"]
[SourceVersion "1"]
[SourceVersionDate "2008.11.26"]
[SourceQuality "1"]
[WhiteTeam "Gif sur Yvette"]
[BlackTeam "Echiquier Berry Sologne"]
[WhiteTeamCountry "FRA"]
[BlackTeamCountry "FRA"]

1. e4 c5 2. Nf3 d6 3. Bb5+ Bd7 4. Bxd7+ Qxd7 5. 0-0 g6 6. c3 Bg7 7. d4 cxd4 8. cxd4 Nc6 9. Nc3 e6 10. Be3 Nge7 11. Qd2 0-0 12. d5 Nd8 13. dxe6 fxe6 14. Bd4 Nf7 15. Bxg7 Kxg7 16. Qd4+ e5 17. Qd3 a6 18. Rfd1 Qe6 19. Nd2 Rac8 20. Nf1 Rc4 21. Ne3 Rd4 22. Qe2 Rc8 23. Ned5 Nc6 24. Rxd4 Nxd4 25. Qd3 Qg4 26. f3 Qg5 27. Rd1 Ne6 28. Qd2 Qxd2 29. Rxd2 Nd4 30. Kf2 b5 31. Ne2 Nxe2 32. Kxe2 Kf8 33. Nb4 a5 34. Rc2 Rxc2+ 35. Nxc2 Ke7 36. Na3 b4 37. Nc4 a4 38. Nb6 Nd8 39. Nd5+ Kd7 40. Nxb4 Ne6 41. Nd5 Kc6 42. Kd3 Kc5 43. Kc3 g5 44. b4+ axb3 45. axb3 Nf4 46. Nxf4 exf4 47. b4+ Kc6 48. Kc4 h5 49. b5+ Kb6 50. Kd5 g4 51. Kxd6 h4 52. h3 1-0